[Event "4NCL Division Four"]
[Site "Warwick, ENG"]
[Date "2023.04.30"]
[Round "10.106"]
[White "Korchagina, Polina"]
[Black "Brown, Stephanie"]
[Result "1-0"]
[WhiteElo "1171"]
[BlackElo "1267"]
[PlyCount "97"]
[EventDate "2023.04.30"]
[WhiteTeam "Anglian Avengers 2"]
[BlackTeam "She Plays To Win Uni"]

1. e4 e6 2. d4 d5 3. e5 c5 4. c3 Nc6 5. Nf3 Bd7 6. Be2 Qb6 7. a3 cxd4 8. cxd4 Nge7 9. b4 Nf5 10. Bb2 a6 11. O-O Be7 12. Qd3 Qc7 13. Nbd2 Rc8 14. Rac1 Qb8 15. Nb3 O-O 16. Rc3 b5 17. Rfc1 Qb6 18. Nc5 Bxc5 19. Rxc5 Na7 20. g4 Ne7 21. Ng5 g6 22. Qh3 h5 23. gxh5 Kg7 24. h6+ Kh8 25. Qf3 Nf5 26. Bd3 Rxc5 27. bxc5 Qc6 28. Bxf5 exf5 29. Re1 Nc8 30. Qf4 Be6 31. Qh4 Ne7 32. h7 Qe8 33. Nf3 Nc6 34. Qf6+ Kxh7 35. Ng5+ Kg8 36. Re3 Qe7 37. Nxe6 Qxf6 38. exf6 fxe6 39. Rxe6 Rc8 40. Rd6 Kf7 41. Rxd5 Kxf6 42. Rd6+ Kg5 43. d5 Ne7 44. Bf6+ Kh5 45. Bxe7 Rxc5 46. Rd8 Rc1+ 47. Kg2 b4 48. Rh8+ Kg4 49. Rh4# 1-0

[Event "4NCL Division Four"]
[Site "Warwick, ENG"]
[Date "2023.04.30"]
[Round "10.111"]
[White "Wong, Chun Hei"]
[Black "Ashton, Alannah"]
[Result "1-0"]
[WhiteElo "1890"]
[BlackElo "1396"]
[PlyCount "51"]
[EventDate "2023.04.30"]
[WhiteTeam "Average Wood Pushers B"]
[BlackTeam "She Plays to Win Young Stars"]

1. d4 d5 2. c4 e6 3. Nc3 c5 4. cxd5 exd5 5. Nf3 Nf6 6. Bg5 Nc6 7. e3 c4 8. Bxf6
gxf6 9. g3 Be7 10. Bg2 Bf5 11. Nh4 Bd3 12. Rc1 Bb4 13. Qh5 Qa5 14. Bxd5 O-O-O
15. Bxf7 Qxa2 16. Qd1 Nxd4 17. Qxd3 Qxb2 18. Qxc4+ Nc6 19. O-O Kb8 20. Nd5 Ne5
21. Qc7+ Ka8 22. Nxb4 Qxb4 23. Bd5 Rb8 24. Rb1 Rhc8 25. Qg7 Qxb1 26. Rxb1 1-0

[Event "4NCL Division Four"]
[Site "Warwick, ENG"]
[Date "2023.04.30"]
[Round "10.112"]
[White "Mehta, Sophie"]
[Black "Doherty, Paul"]
[Result "1/2-1/2"]
[WhiteElo "1391"]
[BlackElo "1820"]
[PlyCount "76"]
[EventDate "2023.04.30"]
[WhiteTeam "She Plays to Win Young Stars"]
[BlackTeam "Average Wood Pushers B"]

1. d4 e6 2. Bf4 f5 3. e3 Nf6 4. Nf3 Be7 5. Nbd2 O-O 6. c3 d6 7. Be2 b6 8. h3 h6
9. Qb3 a5 10. a4 Qe8 11. O-O-O Bd7 12. Bb5 c6 13. Bd3 Bd8 14. Bxf5 Nd5 15. Bd3
Nxf4 16. exf4 Rxf4 17. Rhe1 d5 18. g3 Rf6 19. Re2 c5 20. Bb5 Nc6 21. Rde1 cxd4
22. c4 Rc8 23. Kb1 Qg6+ 24. Ka1 d3 25. Re3 d4 26. Rxd3 Nb4 27. Ne5 Qf5 28. Bxd7
Rc7 29. Ne4 Qxe5 30. Nxf6+ Qxf6 31. Bxe6+ Kh7 32. Rd2 Re7 33. c5 bxc5 34. Qc4
d3 35. Rxd3 Nxd3 36. Qxd3+ g6 37. Qxd8 Rxe6 38. Qxf6 Rxf6 1/2-1/2

[Event "4NCL Division Four"]
[Site "Warwick, ENG"]
[Date "2023.04.30"]
[Round "10.113"]
[White "Mitchell, Ian"]
[Black "Wilson, Florence"]
[Result "0-1"]
[WhiteElo "1628"]
[BlackElo "1291"]
[PlyCount "48"]
[EventDate "2023.04.30"]
[WhiteTeam "Average Wood Pushers B"]
[BlackTeam "She Plays to Win Young Stars"]

1. e4 e5 2. Nf3 Nc6 3. Bb5 a6 4. Ba4 b5 5. Bb3 Nf6 6. d3 Bc5 7. O-O d6 8. c3
Bg4 9. Bg5 h6 10. Bh4 Be6 11. Bxe6 fxe6 12. a4 O-O 13. b4 Ba7 14. h3 Ne7 15.
Bxf6 Rxf6 16. Nbd2 Ng6 17. Nh2 Nf4 18. Ndf3 Rg6 19. Ng4 h5 20. Ne3 Bxe3 21.
fxe3 Nxg2 22. Kf2 Nh4 23. Nxh4 Qxh4+ 24. Ke2 Rg2+ 0-1

[Event "4NCL Division Four"]
[Site "Warwick, ENG"]
[Date "2023.04.30"]
[Round "10.114"]
[White "Sengupta, Sohana"]
[Black "Burgess, Dan"]
[Result "1-0"]
[WhiteElo "1242"]
[BlackElo "1516"]
[PlyCount "129"]
[EventDate "2023.04.30"]
[WhiteTeam "She Plays to Win Young Stars"]
[BlackTeam "Average Wood Pushers B"]

1. e4 c5 2. Nf3 d6 3. d4 cxd4 4. Nxd4 Nf6 5. Nc3 a6 6. Be3 e5 7. Nb3 Be6 8. f3
Be7 9. Bd3 b5 10. a3 Nbd7 11. O-O Nb6 12. Nd2 Nc4 13. Nxc4 bxc4 14. Be2 O-O 15.
f4 exf4 16. Bxf4 Qb6+ 17. Kh1 Rfd8 18. Bf3 Rac8 19. Qd2 Bg4 20. Bxg4 Nxg4 21.
Nd5 Qa7 22. Qe2 Nf6 23. Nxe7+ Qxe7 24. Bg5 Re8 25. Bxf6 gxf6 26. Qg4+ Kh8 27.
Qf5 Rc6 28. Qxf6+ Qxf6 29. Rxf6 Kg7 30. Raf1 Re7 31. R6f4 Rc5 32. Rg4+ Kh8 33.
h3 h6 34. Rd1 Rd7 35. Rg3 f5 36. exf5 Rxf5 37. Rg6 Kh7 38. Rgxd6 Rxd6 39. Rxd6
a5 40. Rc6 Rb5 41. Rxc4 Rxb2 42. Kg1 Rb5 43. Rc3 h5 44. Rb3 Rc5 45. Rb2 Kg6 46.
a4 Rc4 47. Ra2 Kf5 48. Kf2 h4 49. Ke3 Ke5 50. Kd2 Rf4 51. Ra1 Rf2+ 52. Kc3 Rxg2
53. Rd1 Rg6 54. Rd4 Rc6+ 55. Kd3 Rxc2 56. Rxh4 Rh2 57. Ke3 Rg2 58. Kf3 Rg5 59.
Rg4 Rh5 60. Kg3 Kd6 61. h4 Rc5 62. Rf4 Rh5 63. Kg4 Ke5 64. Kxh5 Kxf4 65. Kg6
1-0

[Event "4NCL Division Four"]
[Site "Warwick, ENG"]
[Date "2023.04.30"]
[Round "10.115"]
[White "Altoft, Harry"]
[Black "Scott, Jane"]
[Result "0-1"]
[WhiteElo "1461"]
[BlackElo "1132"]
[PlyCount "68"]
[EventDate "2023.04.30"]
[WhiteTeam "Average Wood Pushers B"]
[BlackTeam "She Plays to Win Young Stars"]

1. c4 Nf6 2. Nc3 g6 3. g3 Bg7 4. Bg2 O-O 5. e4 d6 6. Nge2 Nbd7 7. d3 c6 8. O-O
e5 9. h3 Ne8 10. f4 f5 11. exf5 gxf5 12. fxe5 dxe5 13. d4 Nb6 14. Qb3 exd4 15.
c5+ Kh8 16. Rd1 d3 17. Be3 Qe7 18. Rxd3 Be6 19. Qc2 Nc4 20. Kh2 Nxe3 21. Rxe3
Nc7 22. Nf4 Bh6 23. Nce2 Qf7 24. b3 Rad8 25. Rd1 Rxd1 26. Qxd1 Bd7 27. Rd3 Rd8
28. Ng1 Bxf4 29. gxf4 Ne6 30. Qa1+ Qg7 31. Qxg7+ Kxg7 32. Kg3 Nxc5 33. Re3 Re8
34. Rc3 Ne4+ 0-1

[Event "4NCL Division Four"]
[Site "Warwick, ENG"]
[Date "2023.04.30"]
[Round "10.116"]
[White "Singh, Avyanna"]
[Black "Popova, Svetlana"]
[Result "1-0"]
[WhiteElo "1101"]
[BlackElo "1112"]
[PlyCount "47"]
[EventDate "2023.04.30"]
[WhiteTeam "She Plays to Win Young Stars"]
[BlackTeam "Average Wood Pushers B"]

1. e4 e5 2. Nf3 Nc6 3. d4 exd4 4. Nxd4 Bb4+ 5. c3 Bc5 6. Be3 d6 7. Nxc6 bxc6 8.
Bxc5 Nf6 9. Be3 O-O 10. h3 Nxe4 11. Qf3 Re8 12. Be2 d5 13. O-O f6 14. Bd4 Ng5
15. Qd3 g6 16. Nd2 a5 17. Nf3 Nxh3+ 18. gxh3 Bf5 19. Qd2 Be4 20. Qh6 Bf5 21.
Rfe1 Rb8 22. Ng5 Qd6 23. Qxh7+ Kf8 24. Qf7# 1-0

[Event "4NCL Division Four"]
[Site "Warwick, ENG"]
[Date "2023.04.30"]
[Round "10.121"]
[White "Jayakumar, Bharath"]
[Black "Neatherway, A Philip"]
[Result "1/2-1/2"]
[WhiteElo "1726"]
[BlackElo "1797"]
[PlyCount "76"]
[EventDate "2023.04.30"]
[WhiteTeam "Cambridge University Y1"]
[BlackTeam "Oxford 4"]

1. d4 Nf6 2. c4 g6 3. Nc3 d5 4. Nf3 Bg7 5. Bf4 O-O 6. e3 c5 7. Be2 Nc6 8. h3
cxd4 9. exd4 a6 10. O-O dxc4 11. Bxc4 b5 12. Bb3 Bb7 13. a3 Rc8 14. Rc1 Na5 15.
Ba2 Nc4 16. Bxc4 Rxc4 17. Be3 Nd5 18. Nxd5 Bxd5 19. Rxc4 Bxc4 20. Re1 Qd5 21.
Nd2 e6 22. Qc2 Bxd4 23. b3 Bxe3 24. Rxe3 Rd8 25. Nxc4 bxc4 26. bxc4 Qd1+ 27.
Qxd1 Rxd1+ 28. Kh2 Rc1 29. Re4 Kf8 30. Rd4 Ke7 31. f3 Rc3 32. a4 Ra3 33. c5 Rc3
34. Rd6 a5 35. Rc6 Kd7 36. Rd6+ Kc7 37. Ra6 Rxc5 38. Ra7+ Kd6 1/2-1/2

[Event "4NCL Division Four"]
[Site "Warwick, ENG"]
[Date "2023.04.30"]
[Round "10.122"]
[White "Beckett, Richard"]
[Black "Parikh, Naavya"]
[Result "1-0"]
[WhiteElo "1652"]
[BlackElo "1715"]
[PlyCount "45"]
[EventDate "2023.04.30"]
[WhiteTeam "Oxford 4"]
[BlackTeam "Cambridge University Y1"]

1. e4 e5 2. Nf3 Nc6 3. d4 exd4 4. Bc4 Bb4+ 5. c3 dxc3 6. O-O Nge7 7. a3 Bc5 8.
b4 Bb6 9. Nxc3 d6 10. Bb2 O-O 11. Qb3 Nd4 12. Nxd4 Bxd4 13. Rad1 Bb6 14. e5 Nf5
15. exd6 Nxd6 16. Ne4 Qh4 17. Nxd6 cxd6 18. Qc3 Qg5 19. Rd3 Qe5 20. Qc2 Qe7 21.
Rg3 g6 22. Rxg6+ hxg6 23. Qxg6# 1-0

[Event "4NCL Division Four"]
[Site "Warwick, ENG"]
[Date "2023.04.30"]
[Round "10.123"]
[White "Veeturi, Yashvardhan"]
[Black "Rumsby, Stephen"]
[Result "1-0"]
[WhiteElo "1511"]
[BlackElo "1651"]
[PlyCount "61"]
[EventDate "2023.04.30"]
[WhiteTeam "Cambridge University Y1"]
[BlackTeam "Oxford 4"]

1. e4 e5 2. Nf3 Nc6 3. Bc4 Be7 4. O-O Nf6 5. Nc3 d6 6. h3 O-O 7. d3 Na5 8. Bb3
Nxb3 9. axb3 a6 10. Be3 Bd7 11. d4 exd4 12. Nxd4 h6 13. Qf3 Nh7 14. Nf5 Ng5 15.
Nxe7+ Qxe7 16. Bxg5 Qxg5 17. Rfe1 Be6 18. Kh1 c6 19. Qe3 Qg6 20. Rad1 Rad8 21.
f4 f5 22. g4 Bf7 23. gxf5 Qf6 24. Qg3 d5 25. Rg1 g6 26. fxg6 Be8 27. f5 Kg7 28.
Rdf1 Bd7 29. e5 Qg5 30. f6+ Kxg6 31. Qd3+ 1-0

[Event "4NCL Division Four"]
[Site "Warwick, ENG"]
[Date "2023.04.30"]
[Round "10.124"]
[White "Kocan, Barry A"]
[Black "Horwood, Alexander"]
[Result "1-0"]
[WhiteElo "1620"]
[BlackElo "1359"]
[PlyCount "91"]
[EventDate "2023.04.30"]
[WhiteTeam "Oxford 4"]
[BlackTeam "Cambridge University Y1"]

1. e4 c5 2. Nf3 d6 3. d4 cxd4 4. Nxd4 Nf6 5. Nc3 g6 6. f3 Bg7 7. Be3 O-O 8. Qd2
Nc6 9. O-O-O a5 10. g4 Ne5 11. h4 Qc7 12. Ncb5 Qb8 13. h5 Nc6 14. hxg6 hxg6 15.
Bh6 Bxg4 16. fxg4 Nxg4 17. Bxg7 Kxg7 18. Be2 Nxd4 19. Qxd4+ e5 20. Qd2 Qc8 21.
Bxg4 Qxg4 22. Qh6+ Kf6 23. Rxd6+ Ke7 24. Qe3 Rfd8 25. Rhd1 Qf4 26. Qxf4 exf4
27. Rxd8 Rxd8 28. Rxd8 Kxd8 29. Nd4 g5 30. Kd2 g4 31. Ke2 Ke7 32. Kd3 Kd6 33.
a4 Ke5 34. c3 g3 35. Nf3+ Ke6 36. b4 f5 37. e5 g2 38. Kd4 b6 39. bxa5 bxa5 40.
c4 Ke7 41. Kd5 Kd7 42. c5 Kc7 43. e6 Kc8 44. Kd6 Kd8 45. e7+ Ke8 46. c6 1-0

[Event "4NCL Division Four"]
[Site "Warwick, ENG"]
[Date "2023.04.30"]
[Round "10.125"]
[White "Cann, Arthur"]
[Black "Matilal, Tamal"]
[Result "1-0"]
[WhiteElo "1317"]
[BlackElo "1354"]
[PlyCount "79"]
[EventDate "2023.04.30"]
[WhiteTeam "Cambridge University Y1"]
[BlackTeam "Oxford 4"]

1. d4 Nf6 2. c4 g6 3. Nc3 d5 4. cxd5 Nxd5 5. e4 Nxc3 6. bxc3 c5 7. Nf3 Bg7 8.
Be3 Qa5 9. Qb3 O-O 10. Be2 Nc6 11. O-O Bg4 12. Rfd1 Bxf3 13. Bxf3 Rad8 14. e5
cxd4 15. cxd4 Qa6 16. Rab1 Na5 17. Qa3 b6 18. Bb7 Qxb7 19. Qxa5 Rd5 20. Qe1
Rfd8 21. Rdc1 Qd7 22. h3 f6 23. f4 fxe5 24. fxe5 Rf8 25. Qc3 Qf5 26. Rf1 Qe4
27. Rxf8+ Bxf8 28. Rf1 Rd8 29. Kh1 e6 30. Qc7 Qd5 31. Bg5 Rd7 32. Qc8 Rf7 33.
Rxf7 Kxf7 34. Qc7+ Kg8 35. Qb8 Kf7 36. Qxa7+ Ke8 37. Qxh7 Qxd4 38. Qxg6+ Kd7
39. Qf7+ Be7 40. Qxe7+ 1-0

[Event "4NCL Division Four"]
[Site "Warwick, ENG"]
[Date "2023.04.30"]
[Round "10.131"]
[White "Donaghay, Richard H"]
[Black "Lim, Mark"]
[Result "0-1"]
[WhiteElo "1803"]
[BlackElo "1768"]
[PlyCount "147"]
[EventDate "2023.04.30"]
[WhiteTeam "Iceni 3"]
[BlackTeam "Cambridge University 3"]

1. e4 e6 2. d3 c5 3. Nc3 Nc6 4. g3 Nf6 5. Bg2 Be7 6. g4 O-O 7. g5 Ne8 8. Be3
Bxg5 9. Bxc5 d6 10. Ba3 Bf6 11. Qd2 Qa5 12. Nge2 Nd4 13. O-O-O Rb8 14. Nxd4
Bxd4 15. Nb1 Qc7 16. c3 b5 17. Qc2 Bf6 18. f4 a5 19. b4 Be7 20. bxa5 Qxa5 21.
Bb4 Qc7 22. d4 Bb7 23. a3 Rc8 24. Kb2 e5 25. fxe5 dxe5 26. d5 Bxb4 27. axb4 Nd6
28. Nd2 Ra8 29. Ra1 Ba6 30. Ra3 Ra7 31. Rha1 Rfa8 32. Bf1 Bc8 33. Rxa7 Rxa7 34.
Rxa7 Qxa7 35. Nb3 Qe3 36. Nc5 f5 37. Bd3 f4 38. Qe2 Qxe2+ 39. Bxe2 g5 40. Kc2
g4 41. Kd2 h5 42. Ke1 Kg7 43. Kf2 Kf6 44. h4 gxh3 45. Bxh5 Kg5 46. Bf3 Kh4 47.
Nd3 Nc4 48. Bh1 Kg5 49. Ne1 Kf6 50. Bf3 Ne3 51. Be2 h2 52. Bf3 Bg4 53. Bh1 Nd1+
54. Kg2 Nxc3 55. Kxh2 Na2 56. Bg2 Be2 57. Nc2 Nc3 58. Kg1 Bd3 59. Na3 Ke7 60.
Bf1 Bxe4 61. Nxb5 Nxd5 62. Na7 Nxb4 63. Bg2 Bxg2 64. Kxg2 Kf6 65. Kf3 Kf5 66.
Nb5 e4+ 67. Kf2 Ke5 68. Nc3 Nd3+ 69. Ke2 Nc5 70. Nd1 Kd4 71. Ke1 Nd3+ 72. Kf1
f3 73. Nf2 Nxf2 74. Kxf2 0-1

[Event "4NCL Division Four"]
[Site "Warwick, ENG"]
[Date "2023.04.30"]
[Round "10.132"]
[White "OShea, Colm"]
[Black "Usher, Michael E"]
[Result "1-0"]
[WhiteElo "1861"]
[BlackElo "1797"]
[PlyCount "89"]
[EventDate "2023.04.30"]
[WhiteTeam "Cambridge University 3"]
[BlackTeam "Iceni 3"]

1. e4 e6 2. d4 d5 3. Nd2 dxe4 4. Nxe4 Nf6 5. Nxf6+ gxf6 6. Nf3 Nc6 7. Bf4 Bd6
8. Qd2 b6 9. Bb5 Bb7 10. O-O-O a6 11. Ba4 b5 12. Bb3 Bxf4 13. Qxf4 Na5 14. Rhe1
Nxb3+ 15. axb3 Qe7 16. Re3 O-O-O 17. Ne1 Rhg8 18. Rc3 e5 19. Qf5+ Kb8 20. dxe5
Qxe5 21. Rxd8+ Rxd8 22. Qxe5 fxe5 23. Rg3 Be4 24. Re3 Bg6 25. Rxe5 Rd6 26. f4
Rd4 27. g3 Re4 28. Rxe4 Bxe4 29. b4 Kb7 30. Kd2 h5 31. Nd3 Bf5 32. c3 Kb6 33.
Ke3 a5 34. bxa5+ Kxa5 35. b4+ Kb6 36. Kd4 f6 37. Nf2 Kc6 38. Ne4 Bg6 39. Nxf6
Kd6 40. f5 Bxf5 41. Nxh5 c6 42. Nf4 Ke7 43. Kc5 Kd7 44. h3 Be4 45. g4 1-0

[Event "4NCL Division Four"]
[Site "Warwick, ENG"]
[Date "2023.04.30"]
[Round "10.133"]
[White "Carter, Dominic A"]
[Black "Phillips, William"]
[Result "1/2-1/2"]
[WhiteElo "1646"]
[BlackElo "1812"]
[PlyCount "56"]
[EventDate "2023.04.30"]
[WhiteTeam "Iceni 3"]
[BlackTeam "Cambridge University 3"]

1. d4 Nf6 2. c4 e6 3. g3 d5 4. Bg2 Be7 5. Nf3 O-O 6. O-O Nbd7 7. Qc2 Ne4 8.
Nbd2 f5 9. Rd1 Ndf6 10. Ne5 Nxd2 11. Bxd2 Ne4 12. Be3 c6 13. f3 Nd6 14. c5 Nf7
15. Nxf7 Rxf7 16. f4 Bd7 17. b4 g5 18. fxg5 Bxg5 19. Bxg5 Qxg5 20. Qd2 Qxd2 21.
Rxd2 f4 22. gxf4 Rxf4 23. e3 Rf6 24. Rf1 Raf8 25. Rdf2 Kg7 26. Rxf6 Rxf6 27.
Rxf6 Kxf6 28. Bh3 Be8 1/2-1/2

[Event "4NCL Division Four"]
[Site "Warwick, ENG"]
[Date "2023.04.30"]
[Round "10.134"]
[White "Breed, Greg J"]
[Black "Kent, Rowan"]
[Result "1-0"]
[WhiteElo "1782"]
[BlackElo "1655"]
[PlyCount "71"]
[EventDate "2023.04.30"]
[WhiteTeam "Cambridge University 3"]
[BlackTeam "Iceni 3"]

1. d4 Nf6 2. c4 g6 3. Nf3 d6 4. Nc3 Nbd7 5. e4 e5 6. dxe5 dxe5 7. Bd3 c6 8. O-O
Qc7 9. h3 Bg7 10. Be3 O-O 11. c5 h6 12. Rc1 Rd8 13. Qc2 Nf8 14. Rfd1 Be6 15. b4
Kh7 16. b5 g5 17. g4 Ng6 18. Bf1 Bf8 19. a4 Rac8 20. b6 axb6 21. cxb6 Qe7 22.
a5 Ra8 23. Rxd8 Qxd8 24. a6 Qc8 25. a7 Nd7 26. Na4 Qd8 27. Rd1 Qe7 28. Bc4 Bxc4
29. Qxc4 Nf4 30. Kh2 Ne6 31. Kg3 f6 32. h4 Kg7 33. hxg5 fxg5 34. Qc3 Nf4 35.
Qb2 Kg6 36. Rxd7 1-0

[Event "4NCL Division Four"]
[Site "Warwick, ENG"]
[Date "2023.04.30"]
[Round "10.135"]
[White "Ryan, John"]
[Black "Kumar, Santosh"]
[Result "1-0"]
[WhiteElo "1520"]
[BlackElo "1400"]
[PlyCount "51"]
[EventDate "2023.04.30"]
[WhiteTeam "Iceni 3"]
[BlackTeam "Cambridge University 3"]

1. d4 d5 2. Bf4 Nc6 3. Nf3 b6 4. e3 f6 5. c3 Bf5 6. Qa4 Qd7 7. Bb5 Kd8 8. Bxc6
Qc8 9. Bxa8 Qxa8 10. Nbd2 Bd7 11. Qd1 e6 12. h3 Ne7 13. a3 Nf5 14. Rc1 h6 15.
c4 Be7 16. cxd5 exd5 17. Bxc7+ Ke8 18. Bh2 Kf7 19. Rc7 Bb5 20. Qc2 g6 21. Qb3
a6 22. a4 Be8 23. e4 Ng7 24. exd5 Kf8 25. d6 Bd8 26. Rc3 1-0

[Event "4NCL Division Four"]
[Site "Warwick, ENG"]
[Date "2023.04.30"]
[Round "10.136"]
[White "Sharma, Rajeev"]
[Black "Rosenbach, Philip"]
[Result "1-0"]
[WhiteElo "1250"]
[BlackElo "903"]
[PlyCount "55"]
[EventDate "2023.04.30"]
[WhiteTeam "Cambridge University 3"]
[BlackTeam "Iceni 3"]

1. e4 e5 2. Nc3 Nf6 3. Nf3 Nc6 4. Bb5 d5 5. Bxc6+ bxc6 6. Nxe5 dxe4 7. Nxc6 Qd6
8. Na5 Bg4 9. Ne2 Qa6 10. Nb3 Bxe2 11. Qxe2 Qxe2+ 12. Kxe2 Bd6 13. h3 O-O 14.
d4 Rab8 15. Re1 Bb4 16. c3 Bd6 17. Kf1 Rfc8 18. Bg5 Re8 19. Bxf6 gxf6 20. Rab1
Rb5 21. Nd2 Ra5 22. Nxe4 Rxa2 23. Nxf6+ Kf8 24. Rxe8+ Kg7 25. Ng4 Ra5 26. Ree1
Rf5 27. Ra1 a5 28. Reb1 1-0

[Event "4NCL Division Four"]
[Site "Warwick, ENG"]
[Date "2023.04.30"]
[Round "10.141"]
[White "Shek, Daniel"]
[Black "Gardner, Phillip K"]
[Result "1-0"]
[WhiteElo "1608"]
[BlackElo "1825"]
[PlyCount "87"]
[EventDate "2023.04.30"]
[WhiteTeam "Crowthorne B"]
[BlackTeam "Deaf England"]

1. c4 c5 2. Nc3 Nf6 3. e4 Nc6 4. g3 g6 5. Bg2 Bg7 6. Nge2 O-O 7. O-O d6 8. d3
e5 9. a3 Rb8 10. Bg5 h6 11. Bxf6 Bxf6 12. Nd5 Be6 13. Qd2 Bg7 14. f4 f5 15. Kh1
Qd7 16. Rae1 b5 17. fxe5 dxe5 18. Rd1 Kh7 19. cxb5 Rxb5 20. Nec3 Rb3 21. exf5
gxf5 22. g4 Nd4 23. gxf5 Nxf5 24. Be4 Kh8 25. Rg1 Rbb8 26. Rg6 Rf7 27. Rdg1
Rbf8 28. Ne3 Nh4 29. R6g3 Nf5 30. Nxf5 Bxf5 31. Bd5 Be6 32. Be4 Bf5 33. Qe3
Bxe4+ 34. Nxe4 Kh7 35. Nxc5 Qc6+ 36. Ne4 Rb8 37. Rg6 Qxg6 38. Rxg6 Kxg6 39. b4
Rbf8 40. Ng3 h5 41. Qe4+ Kg5 42. h4+ Kh6 43. Qe3+ Rf4 44. Ne2 1-0

[Event "4NCL Division Four"]
[Site "Warwick, ENG"]
[Date "2023.04.30"]
[Round "10.142"]
[White "MacLeod, Alasdair"]
[Black "Leadbetter, Scott"]
[Result "1-0"]
[WhiteElo "1819"]
[BlackElo "1549"]
[PlyCount "103"]
[EventDate "2023.04.30"]
[WhiteTeam "Deaf England"]
[BlackTeam "Crowthorne B"]

1. e4 d6 2. d4 Nf6 3. Nc3 Nbd7 4. f4 e5 5. Nf3 exd4 6. Qxd4 Nc5 7. f5 Qe7 8.
Bg5 Bxf5 9. Bxf6 gxf6 10. Nd5 Qxe4+ 11. Qxe4+ Bxe4 12. Nxc7+ Kd7 13. Nxa8 Bh6
14. Bb5+ Bc6 15. Bxc6+ bxc6 16. O-O Rxa8 17. Rae1 d5 18. Nd4 Ne4 19. Rf3 Rb8
20. b3 c5 21. Nf5 Bd2 22. Rd1 Bc3 23. Rxd5+ Kc6 24. Rdd3 Be5 25. g3 Kb5 26. Rd7
Kb6 27. Rfd3 Rg8 28. Rxf7 Ng5 29. Rfd7 Nh3+ 30. Kf1 Rg5 31. Ne3 Rh5 32. Nc4+
Kc6 33. Nxe5+ fxe5 34. Rxa7 Rf5+ 35. Kg2 Ng5 36. Re3 h5 37. h4 Ne6 38. c3 Nc7
39. Rf3 Rxf3 40. Kxf3 Nb5 41. Rh7 Nxc3 42. a4 Kd5 43. Rxh5 Kd4 44. Rh8 e4+ 45.
Kf2 e3+ 46. Ke1 Kd3 47. Re8 Ne2 48. Rd8+ Nd4 49. h5 Ke4 50. Re8+ Kf3 51. h6
Nxb3 52. h7 1-0

[Event "4NCL Division Four"]
[Site "Warwick, ENG"]
[Date "2023.04.30"]
[Round "10.143"]
[White "Haslehurst, Harriet"]
[Black "Freund, Michael P"]
[Result "1/2-1/2"]
[WhiteElo "1530"]
[BlackElo "1633"]
[PlyCount "32"]
[EventDate "2023.04.30"]
[WhiteTeam "Crowthorne B"]
[BlackTeam "Deaf England"]

1. d4 e6 2. Nf3 d5 3. c4 c6 4. e3 Nf6 5. Nbd2 Nbd7 6. a3 Bd6 7. c5 Bc7 8. b4 b6
9. Bb2 b5 10. Bd3 O-O 11. O-O a5 12. a4 bxa4 13. Qxa4 Ba6 14. b5 Bxb5 15. Qc2
Bxd3 16. Qxd3 Re8 1/2-1/2

[Event "4NCL Division Four"]
[Site "Warwick, ENG"]
[Date "2023.04.30"]
[Round "10.144"]
[White "David, Barry A H"]
[Black "McKean, Matthew"]
[Result "1-0"]
[WhiteElo "1673"]
[BlackElo "1503"]
[PlyCount "45"]
[EventDate "2023.04.30"]
[WhiteTeam "Deaf England"]
[BlackTeam "Crowthorne B"]

1. e4 e5 2. Nf3 Nc6 3. Bc4 Nf6 4. Ng5 d5 5. exd5 Nxd5 6. Nxf7 Kxf7 7. Qf3+ Qf6
8. Bxd5+ Be6 9. Bxe6+ Kxe6 10. Qb3+ Kd7 11. Qxb7 Bc5 12. O-O Rhf8 13. Qb5 Kd6
14. Nc3 Qxf2+ 15. Rxf2 Bxf2+ 16. Kh1 Bd4 17. Ne4+ Kd7 18. c3 Rf4 19. Ng3 Kd6
20. cxd4 Nxd4 21. Qd3 Raf8 22. b3 e4 23. Qxd4+ 1-0

[Event "4NCL Division Four"]
[Site "Warwick, ENG"]
[Date "2023.04.30"]
[Round "10.145"]
[White "Rao, Shree"]
[Black "Paull, James"]
[Result "1-0"]
[WhiteElo "1447"]
[BlackElo "1421"]
[PlyCount "57"]
[EventDate "2023.04.30"]
[WhiteTeam "Crowthorne B"]
[BlackTeam "Deaf England"]

1. e4 e5 2. Nf3 Nc6 3. Bb5 d6 4. d4 Bd7 5. c3 Nf6 6. Nbd2 exd4 7. cxd4 Ne7 8.
Bxd7+ Qxd7 9. O-O Ng6 10. Qc2 Be7 11. Nc4 O-O 12. Bd2 Qe6 13. Ng5 Qd7 14. Rad1
Nh5 15. Nh3 Nh4 16. Ne3 Nf3+ 17. Kh1 Nxd4 18. Qd3 Ne6 19. Nf5 Bf6 20. g4 Nc5
21. Qf3 Rae8 22. gxh5 Qc6 23. Rg1 Qxe4 24. Qxe4 Rxe4 25. Ng5 Bxg5 26. Bxg5 f6
27. Bh6 Ne6 28. Nxg7 Kf7 29. Nxe6 1-0

[Event "4NCL Division Four"]
[Site "Warwick, ENG"]
[Date "2023.04.30"]
[Round "10.146"]
[White "Simmons, Michael W"]
[Black "Coates, Christine"]
[Result "1/2-1/2"]
[WhiteElo "1176"]
[BlackElo "1297"]
[PlyCount "41"]
[EventDate "2023.04.30"]
[WhiteTeam "Deaf England"]
[BlackTeam "Crowthorne B"]

1. d4 d5 2. c4 c6 3. Nf3 Nf6 4. e3 Bg4 5. Nbd2 e6 6. a3 Be7 7. Be2 Nbd7 8. O-O
O-O 9. cxd5 cxd5 10. b4 a6 11. Bb2 Rc8 12. Rc1 b5 13. Rxc8 Qxc8 14. Qc1 Nb6 15.
Qxc8 Rxc8 16. h3 Bxf3 17. Nxf3 Bd6 18. Bd3 h6 19. Rc1 Rxc1+ 20. Bxc1 Kf8 21.
Kf1 1/2-1/2

[Event "4NCL Division Four"]
[Site "Warwick, ENG"]
[Date "2023.04.30"]
[Round "10.151"]
[White "Dairi, Ramsey"]
[Black "Wang, Xiling"]
[Result "1-0"]
[WhiteElo "1578"]
[BlackElo "1204"]
[PlyCount "65"]
[EventDate "2023.04.30"]
[WhiteTeam "Watford B"]
[BlackTeam "Cambridge University Y2"]

1. e4 e5 2. Nf3 Nc6 3. Bc4 Bc5 4. b4 Bxb4 5. c3 Ba5 6. d4 exd4 7. O-O dxc3 8.
Qb3 h6 9. Bxf7+ Kf8 10. Ba3+ d6 11. e5 Qe7 12. exd6 cxd6 13. Bxg8 Rxg8 14. Nxc3
Be6 15. Nd5 Bxd5 16. Qxd5 Bc7 17. Rfe1 Qd8 18. Re4 Qf6 19. Rae1 Rd8 20. Bc1 Ba5
21. Rf4 Qxf4 22. Bxf4 Bxe1 23. Bxd6+ Ne7 24. Qf5+ Ke8 25. Qe6 Rxd6 26. Qxd6 Ba5
27. Ne5 a6 28. Qd7+ Kf8 29. Qxb7 Ke8 30. Qxa6 Bd8 31. Qa4+ Kf8 32. Qf4+ Ke8 33.
Qf7# 1-0

[Event "4NCL Division Four"]
[Site "Warwick, ENG"]
[Date "2023.04.30"]
[Round "10.152"]
[White "Santosh Kumar, Darsh"]
[Black "Joseph, Tomy"]
[Result "0-1"]
[WhiteElo "1253"]
[BlackElo "1545"]
[PlyCount "84"]
[EventDate "2023.04.30"]
[WhiteTeam "Cambridge University Y2"]
[BlackTeam "Watford B"]

1. Nf3 d5 2. g3 c5 3. Bg2 Nc6 4. O-O e5 5. d3 Nf6 6. Nbd2 Be7 7. c4 d4 8. a3
O-O 9. Re1 Bf5 10. Nh4 Be6 11. Qb3 Qc7 12. Qc2 Nd7 13. Nhf3 f5 14. Nb3 f4 15.
Rf1 fxg3 16. fxg3 Nf6 17. Bg5 h6 18. Bxf6 Rxf6 19. Rac1 Qd7 20. Nfd2 Bh3 21.
Ne4 Rxf1+ 22. Rxf1 Bxg2 23. Kxg2 b6 24. h4 Qg4 25. Kh2 Rf8 26. Rxf8+ Bxf8 27.
Qd2 Ne7 28. e3 Nf5 29. exd4 exd4 30. Nc1 Ne3 31. Qe1 Qf3 32. Qg1 Nf1+ 33. Kh3
Qf5+ 34. Kg2 Ne3+ 35. Kh2 Be7 36. Nf2 Qe5 37. Ne4 Bxh4 38. Kh3 Be7 39. g4 h5
40. gxh5 Qxh5+ 41. Kg3 Bh4+ 42. Kf4 Qf5# 0-1

[Event "4NCL Division Four"]
[Site "Warwick, ENG"]
[Date "2023.04.30"]
[Round "10.153"]
[White "Tomy, Jake"]
[Black "Varuruchi, Shresht"]
[Result "1-0"]
[WhiteElo "1306"]
[BlackElo "1242"]
[PlyCount "79"]
[EventDate "2023.04.30"]
[WhiteTeam "Watford B"]
[BlackTeam "Cambridge University Y2"]

1. e4 e5 2. Nf3 Nc6 3. d4 exd4 4. Nxd4 Bc5 5. Be3 Qf6 6. c3 Nge7 7. Bc4 Qg6 8.
Nxc6 Qxc6 9. Qh5 O-O 10. Qxc5 Qxe4 11. O-O d5 12. Nd2 b6 13. Qxc7 Qh4 14. Bb3
Ba6 15. Nf3 Qe4 16. Rfe1 Rfc8 17. Bxb6 Rxc7 18. Rxe4 dxe4 19. Bxc7 exf3 20.
gxf3 Bb7 21. Kg2 Ng6 22. Bg3 a5 23. Rd1 a4 24. Bxf7+ Kxf7 25. Rd7+ Ke6 26. Rxb7
Ne7 27. Kf1 a3 28. b3 Rc8 29. c4 Rd8 30. Bh4 Rd1+ 31. Ke2 Ra1 32. Rxe7+ Kd6 33.
Ra7 Rxa2+ 34. Ke3 Ra1 35. Be7+ Kc6 36. Bxa3 Rh1 37. b4 Rxh2 38. Kd4 g5 39. b5+
Kb6 40. Bc5# 1-0